000
00199nam a2200073Ia 4500
008
170524s9999 xx 000 0 und d
100
_a
RAJWAR- INDRA CHAND
245
0
_a
ADHUNIK PATRKARITA KE ROOPREKHA
260
_b
N DELHI TAKSHSHILA
999
_c
9274
_d
9274